|
|
|
|
| LEADER |
00000nta a2200000 i 4500 |
| 001 |
dolg1700 |
| 005 |
20150907133627.0 |
| 008 |
150225suuuu hu om 000 eng d |
| 040 |
|
|
|a BGE Dolgozattár Repozitórium
|b hun
|
| 041 |
|
|
|a en
|
| 100 |
1 |
|
|a Török Gergely Bálint
|
| 245 |
1 |
0 |
|a Improving engagement through internal communication factors of Philips Lighting University
|c Török Gergely Bálint
|h [elektronikus dokumentum]
|
| 246 |
1 |
1 |
|a -
|
| 246 |
1 |
1 |
|a Improving engagement through internal communication factors of Philips Lighting University
|
| 520 |
3 |
|
|a -
|
| 695 |
|
|
|a Foglalkoztatás
|
| 695 |
|
|
|a Philips
|
| 700 |
1 |
|
|a Vásáry Dr. habil Viktória
|e ths
|
| 856 |
4 |
0 |
|u http://dolgozattar.uni-bge.hu/1700/1/GergelyTorok-Szakdolgozat.pdf
|z Dokumentum-elérés
|